000 00619nam a2200217 a 4500
001 77566
003 BD-RjUL
005 20211209083006.0
008 201124s1961 ii 000 p eng d
035 _a(BD-RjUL)
040 _beng
_cBD-RjUL
_dBD-RjUL
041 _aeng
082 _223
_a821.912
_bDUK 1961
100 1 _aDurrell, Lawrence.
_9242128
245 1 0 _aKey to modern poetry /
_cby Lawrence Durrell.
260 _aCalcutta :
_bRupa and co,
_c1961
300 _axii, 209 p. ;
_c20 cm.
500 _aIncludes index
650 0 _aEnglish poetry
_y20th century
_xHistory and criticism.
_9242129
942 _2ddc
_cBK
999 _c77566
_d77566